000 00360cam a22001331 4500
082 _a674.13
_bWAN
_cD
100 1 _aWnagaard, f.f
_945090
245 1 0 _aOverview of wood as a material
_bF.f. wargaard
260 _apennsylvania,
_bEmmse,
_c1981.
300 _a465p.
_c30 cm.
526 _a0
_b0
_c0
_d674_130000000000000_WAN
650 0 _aMCE
_9379
942 _2ddc
_cBK
999 _c548689
_d548689